000 00659nam a22002057a 4500
999 _c179017
_d179017
005 20210512114715.0
010 _aB-739915
020 _a9780892816774
_c699.00
035 _aB-739915
037 _bGift
082 _a181.432
100 _aJohari, Harish
245 _aChakras:
_benergy centers of transformation /
_cby Harish Johari
260 _aNoida
_bSimon & Schuster India
_c1987
270 _a2316 Tower A, The Corenthum, Sector-62
_bNoida
300 _a116p.:
_bill.
_c27cm(pbk)
500 _ainclude index
942 _2ddc
_cEN
_h181.432
_mJOH